| 000 | 00676nam a2200253Ia 4500 | ||
|---|---|---|---|
| 003 | OSt | ||
| 005 | 20221006150650.0 | ||
| 006 | a|||||r|||| 00| 0 | ||
| 007 | ta | ||
| 008 | 221006b |||||||| |||| 00| 0 jpn d | ||
| 020 | _c¥6602 | ||
| 024 | _a19,407 | ||
| 037 |
_bGift, Japan Foundation _cTextual |
||
| 040 |
_aEASL _cEASL _bjpn |
||
| 041 |
_2jpn _ajpn |
||
| 082 | _aV1.N9, N6 | ||
| 245 | 0 |
_a20 Seiki _b Shasin de miru sekai no 100 nen nihon no 100 nen |
|
| 260 |
_aTokyo _bShueisha Japan _c1996 |
||
| 300 |
_a422p. _ccm. |
||
| 490 | _v RR | ||
| 650 | _aJL | ||
| 942 |
_hV1.N9, N6 _cTEXL _2CC |
||
| 999 |
_c1087493 _d1087493 |
||